| 000 | 01224nam0a22002771 4500 | ||
|---|---|---|---|
| 001 | rc\404385 | ||
| 005 | 20250621073431.0 | ||
| 035 | _a(NLR Aleph) 005652901 | ||
| 090 |
_a6791001 _c6791001 |
||
| 100 | _a20030616d1989 |||y0rusy50 ca | ||
| 101 | 0 | _arus | |
| 102 | _aRU | ||
| 105 | _aa ||||||||| | ||
| 200 | 1 |
_aИнклюзивное рождение ϕ-мезонов в нейтрон-протонных взаимодействиях при 30-70 ГэВ _eСотрудничество БИС-2 _f[А.Н. Алеев, В.А. Арефьев, В.П. Баландин и др.] |
|
| 210 |
_aДубна _cОИЯИ _d1989 |
||
| 215 |
_a10 с. _cил. _d22 |
||
| 225 | 1 |
_aСообщения Объединенного института ядерных исследований _vД1-89-345 |
|
| 300 | _aАвт. указаны на обороте тит. л. | ||
| 320 | _aБиблиогр.: с. 10 (15 назв.) | ||
| 517 | 0 | _aИнклюзивное рождение фи-мезонов в нейтрон-протонных взаимодействиях при 30-70 ГэВ | |
| 701 | 1 |
_aАлеев _bА.Н. |
|
| 801 | 0 |
_aRU _bNLR _gpsbo |
|
| 801 | 1 |
_aRU _bELAR _2rusmarc |
|
| 852 |
_aNLR _j89-6/3265 |
||
| 942 | _cBOOK | ||
| 980 | _aNB | ||